Responses for Show #429 - Thursday, May 1, 1986

Contestants

[<< previous game]

Sue Garfinkel, a housewife and a horse breeder from East Windsor, New Jersey

Peter Friedland, an artificial intelligence researcher from Los Altos, California

Cliff Miles Katskee, an actor from Chicago, Illinois (whose 2-day cash winnings total $18,001)

[next game >>]

Jeopardy! Round responses

EXPLORERS
MONEY
1956
CHEMISTRY
POULTRY
ODDS & ENDS
    $100 24
[The end-of-round signal sounds.]
(Alex: Oh, I'm really upset because one of our contestants has some money.)
[Laughter]

the Garden of Eden

Cliff
    $100 1
counterfeit money

Peter
    $100 10
Elvis

Cliff
    $100 2
green

Sue
    $100 7
Tom

Cliff
    $100 16
because Santa Claus is coming to town

Cliff
    $200 3
(Sue: [*].)
(Alex: Phrasing?)
(Sue: Who is [*]? Sorry.)

FDR (or JFK)

Sue
    $200 11
Marilyn Monroe

Cliff
    $200 14
silicon

Peter
    $200 8
(Cliff: What is a duck?)

a goose

CliffSue
    $200 17
(Cliff: What are raisins?)

prunes

CliffPeter
    $300 4
other people's money

Sue
    $300 12
Stalin

Cliff
    $300 15
melt

Sue
    $300 9
a fryer (or broiler)

Cliff
    $300 20
(Peter: What is 90?)
(Cliff: What is 45?)
(Sue: What is 180?)

270

CliffPeterSue
Triple Stumper
    $300 5
a buck

Sue
    $400 13
Chiang Kai-shek

Peter
    $400 18
neutral

Peter
    $400 21
(Alex: And we've got about a minute to go in this round.)

a wing chair

Triple Stumper
    $500 6
(Alex: Actually, there are two. [*] and my Uncle Sid, but we don't talk about him.)
[Laughter]

the Federal Reserve System

Triple Stumper
    $500 23
(Peter: What were the nominees for best show for the Emmy that year?)
(Sue: What were the top shows of that year?)
(Alex: Be a little more specific.)
(Sue: What were the most popular... most watched shows for 1956?)
(Cliff: What were the top shows for each week of the month of January 1956?)
...
(Alex: All of you missed the important element, which was the medium, and that is radio. They were all [*].)

top radio shows in 1956

CliffPeterSue
Triple Stumper
    $500 19
(Peter: What is mineralogy?)
(Cliff: What is geology?)
(Sue: What is metallurgy?)

inorganic chemistry

CliffPeterSue
Triple Stumper
    $500 22
an obi

Cliff

Scores at the first commercial break (after clue 15):

Cliff Peter Sue
$800 $700 $1,400

Scores at the end of the Jeopardy! Round:

Cliff Peter Sue
$0 $0 $100

Double Jeopardy! Round responses

SCANDINAVIA
SPORT OF KINGS
MOVIE ANATOMY
20TH CENTURY PERSONALITIES
OPERA
"CROSS" WORDS
    $200 23
a smorgasbord

Cliff
    $200 19
a million dollars

Cliff
    $200 1
[Cliff selected the first clue.]

Goldfinger

Peter
    $200 6
Adolf Hitler

Cliff
    $200 8
the Suez Canal

Cliff
    $200 12
to double cross

Peter
    $400 24
Lutheran

Cliff
    $400 22
the Preakness

Cliff
    $400 2
a manicurist

Cliff
    $400 7
rock & roll

Sue
    $400 14
War and Peace

Peter
    $400 13
cross-eyed

Sue
    $600 25
literature

Sue
    $600 26
[The end-of-round signal sounds.]

2

Cliff
    $600 3
Daddy Long Legs

Cliff
    $600 9
Valentino

Cliff
    $1,000 16
(2 of) German, Italian, or Latin

Sue
    $600 15
the cross stitch

Sue
    $1,000 4
The Eyes of Laura Mars

Cliff
    $800 10
Haig

Cliff
    $800 17
I Pagliacci

Sue
    $800 20
(Sue: What is the crossroads of the Caribbean?)

the crossroads of the world

Sue
Triple Stumper
    $1000 5
Andy Griffith

Cliff
    $1000 11
(Cliff: Who is Ed Koch?)

Bernard Goetz

Cliff
Triple Stumper
    $1000 18
"La donna รจ mobile"

Sue
    $1000 21
(Alex: We've got about a minute to go in this round.)

a cross ruff

Sue

Scores at the end of the Double Jeopardy! Round:

Cliff Peter Sue
$5,600 $800 $5,100

[wagering suggestions for these scores]

Final Jeopardy! Round responses

HOLIDAYS
(Alex: Over four times as many cards are sold for [*] as the next, which is Easter.)
PeterWhat is Mother's Day
$800
SueWhat is Mother's Day?
$5,000
CliffWhat is Mother's Day
$4,601
Valentine's Day

Final scores:

Cliff Peter Sue
$999 $0 $100
3-day champion: $19,000 3rd place: Hitachi stereo system 2nd place: Turco gas grill + Stylette plastic wicker dining set

Game dynamics:

Coryat scores:

Cliff Peter Sue
$5,400 $800 $4,800
21 R
(including 1 DD),
6 W
8 R,
3 W
14 R
(including 2 DDs),
4 W

Combined Coryat: $11,000

[game clues] [game scores] [suggest correction]

Game tape date: 1985-12-03
The J! Archive is created by fans, for fans. Scraping, republication, monetization, and malicious use prohibited; this site may use cookies and collect identifying information. See terms. The Jeopardy! game show and all elements thereof, including but not limited to copyright and trademark thereto, are the property of Jeopardy Productions, Inc. and are protected under law. This website is not affiliated with, sponsored by, or operated by Jeopardy Productions, Inc. Join the discussion at JBoard.tv.